Změny venkova očima venkovského obyvatelstva.

Výsledky dvoch výskumov pohľadu obyvateľov vidieka na jeho rozvoj po nástupe trhového hospodárstva, ktorý realizoval Výzkumný ústav ekonomiky zemědělství a výživy Praha v r. 1990. Dopad prechodu na samosprávu a privatizáciu na vidiecky priestor. Hlavné dôvody nezáujmu o súkromné hospodárenie v poľno...

Full description

Saved in:
Bibliographic Details
Main Author: Trnková, V.
Format: Book Chapter
Language:Czech
Subjects:
Tags: Add Tag
No Tags, Be the first to tag this record!

MARC

LEADER 00000naa a2200000 4500
001 r006336
005 20221125075932.6
041 0 |a cze 
044 |a [CS] 
245 1 0 |a Změny venkova očima venkovského obyvatelstva.  |c V. Trnková 
520 |a Výsledky dvoch výskumov pohľadu obyvateľov vidieka na jeho rozvoj po nástupe trhového hospodárstva, ktorý realizoval Výzkumný ústav ekonomiky zemědělství a výživy Praha v r. 1990. Dopad prechodu na samosprávu a privatizáciu na vidiecky priestor. Hlavné dôvody nezáujmu o súkromné hospodárenie v poľnohospodárstve. 
610 2 0 |a prieskum sociologický 
610 2 0 |a vidiek 
610 2 0 |a privatizácia 
610 2 0 |a poľnohospodárstvo 
610 2 0 |a mienka verejná 
610 2 0 |a hospodárstvo trhové 
610 2 0 |a 1990 
610 2 0 |a podnikanie súkromné 
100 1 |a Trnková, V.